Термины и определения в нормативных правовых актах Российской Федерации (Запись № 100027)

Подробности
000 -МАРКЕР
контрольное поле 01289nam0a2200301 4500
001 - ИДЕНТИФИКАТОР ЗАПИСИ
контрольное поле RU\NLR\bibl\326486
005 - ИДЕНТИФИКАТОР ВЕРСИИ
контрольное поле 20250621143822.0
010 ## - МЕЖДУНАРОДНЫЙ СТАНДАРТНЫЙ НОМЕР КНИГИ (ISBN)
Номер (ISBN) 5-88010-049-9
Тираж 8000
035 ## - ДРУГИЕ СИСТЕМНЫЕ НОМЕРА
Идентификатор записи (NLR Aleph) 000321485
100 ## - ДАННЫЕ ОБЩЕЙ ОБРАБОТКИ
Данные общей обработки 20021025d1998 |||y0rusy50 ca
101 0# - ЯЗЫК РЕСУРСА
Язык текста, звукозаписи и т.д. русский
102 ## - СТРАНА ПУБЛИКАЦИИ ИЛИ ПРОИЗВОДСТВА
Страна публикации Российская Федерация
105 ## - ПОЛЕ КОДИРОВАННЫХ ДАННЫХ: ТЕКСТОВЫЕ МАТЕРИАЛЫ, МОНОГРАФИЧЕСКИЕ
Кодированные данные о монографическом текстовом документе y |||||||||
200 1# - ЗАГЛАВИЕ И СВЕДЕНИЯ ОБ ОТВЕТСТВЕННОСТИ
Основное заглавие Термины и определения в нормативных правовых актах Российской Федерации
Сведения, относящиеся к заглавию Справ.
Первые сведения об ответственности [Сост.: А.В. Плотников, Г.К. Пискова]
210 ## - ПУБЛИКАЦИЯ, РАСПРОСТРАНЕНИЕ И ДР.
Место издания, распространения и т.д. М.
Имя издателя, распространителя и т. д. Информпечать
Дата издания, распространения и т.д. 1998
215 ## - ФИЗИЧЕСКАЯ ХАРАКТЕРИСТИКА
Специфическое обозначение материала и объем 297,[2] с.
Размеры 21
320 ## - ПРИМЕЧАНИЯ О НАЛИЧИИ В ДОКУМЕНТЕ БИБЛИОГРАФИИ / УКАЗАТЕЛЯ
Текст примечания Нормат. правовые акты, имеющие в тексте термины и определения 1991-1997 гг. в конце кн.
606 0# - НАИМЕНОВАНИЕ ТЕМЫ КАК ПРЕДМЕТ
Наименование темы Законодательство
Формальный подзаголовок Справочники
Тематический подзаголовок Терминология
Географический подзаголовок Российская Федерация
Системный номер авторитетной/нормативной записи 2287857
Идентификатор авторитетной/нормативной записи RU\NLR\auth\661370354
686 ## - ИНДЕКСЫ ДРУГИХ КЛАССИФИКАЦИЙ
Индекс Х.в4я2
686 ## - ИНДЕКСЫ ДРУГИХ КЛАССИФИКАЦИЙ
Индекс Х62в4я2
702 #1 - ИМЯ ЛИЦА - ВТОРИЧНАЯ ОТВЕТСТВЕННОСТЬ
Начальный элемент ввода Плотников
Часть имени, кроме начального элемента ввода А. В.
Расширение инициалов личного имени Анатолий Васильевич
Код отношения Составитель
801 #0 - ИСТОЧНИК ЗАПИСИ
Страна Российская Федерация
Организация NLR
Дата составления 20021025
Правила каталогизации PSBO
801 #1 - ИСТОЧНИК ЗАПИСИ
Страна Российская Федерация
Организация NLR
Дата составления 20021025
830 ## - ОБЩЕЕ ПРИМЕЧАНИЕ, СОСТАВЛЕННОЕ КАТАЛОГИЗАТОРОМ
Текст примечания Сост. по кн.
942 ## - ДОПОЛНИТЕЛЬНЫЕ ЭЛЕМЕНТЫ ЗАПИСИ (АБИС)
Тип экземпляра АБИС Книга
980 ## - КОЛЛЕКЦИЯ
Название коллекции Национальная библиография
Экземпляры
Тип экземпляра Дата поступления Источник поступления Библиотека постоянного хранения Библиотека текущего хранения Место хранения Шифр хранения Штрих-код Статус экземпляра Стоимость
Книга 25.10.2002 Подсобные фонды РНБ РНБ (Московский) РНБ (Московский) Центральная справочная библиотека С 2002-2/457 1-1816081    
Книга 25.10.2002 Подсобные фонды РНБ РНБ (Московский) РНБ (Московский) Центральная справочная библиотека С 2002-2/457 1-1816085    
Книга 23.01.2003 Контрольный экземпляр из типографии РНБ (Московский) РНБ (Московский) Обменный фонд   407806   21.00
Книга 01.12.2004 Подсобные фонды РНБ РНБ (Садовая) РНБ (Садовая) Макулатура   804108    
Книга 16.01.2014   РНБ (Садовая) РНБ (Садовая) Универсальный читальный зал Нз Х62/Т-352 1-175673